000 nam a22 7a 4500
999 _c8831
_d8831
008 180120b ||||| |||| 00| 0 eng d
100 _aSheoran.A.etal.
_95161
245 _aEnvironmental Studies
260 _aNew Delhi
_bGoyal Bro
_c2008